[Event "Gizycko U18 op 13th"]
[Site "Gizycko"]
[Date "2011.11.19"]
[Round "3.9"]
[White "Cis, Krzysztof"]
[Black "Szwajkowski, Patryk"]
[Result "0-1"]
[WhiteElo "1256"]
[BlackElo "1575"]
[PlyCount "76"]
[EventDate "2011.11.18"]
[EventType "swiss"]
[EventRounds "5"]
[EventCountry "POL"]
[SourceTitle "EXT 2023"]
[Source "ChessBase"]
[SourceDate "2022.10.05"]
[SourceVersion "1"]
[SourceVersionDate "2022.10.05"]
[SourceQuality "1"]

1. e4 e6 2. d4 d5 3. e5 c5 4. c3 Nc6 5. Nf3 Nge7 6. Bg5 Qb6 7. b3 Nf5 8. Be2 cxd4 9. cxd4 Nfxd4 10. Be3 Nxf3+ 11. Bxf3 Qa5+ 12. Bd2 Bb4 13. 0-0 Nxe5 14. Bxb4 Nxf3+ 15. Qxf3 Qxb4 16. a3 Qb6 17. b4 0-0 18. Nd2 Bd7 19. Qg3 Rfc8 20. Kh1 Rc2 21. Nf3 Rac8 22. Ne5 Bb5 23. Nd3 R2c3 24. Rfc1 Qc6 25. Rd1 Bxd3 26. h3 Be2 27. Rdc1 Rxc1+ 28. Rxc1 Qxc1+ 29. Kh2 Qc7 30. f4 Qc3 31. Qf2 Qxa3 32. Qxe2 Qxb4 33. Qe3 Qd6 34. Kg3 g5 35. Qe5 gxf4+ 36. Qxf4 Rc3+ 37. Kg4 Rc4 38. Qxc4 dxc4 0-1

[Event "Gizycko U18 op 13th"]
[Site "Gizycko"]
[Date "2011.11.18"]
[Round "5.14"]
[White "Szymanski, Artur"]
[Black "Cis, Krzysztof"]
[Result "1/2-1/2"]
[WhiteElo "1273"]
[BlackElo "1256"]
[PlyCount "72"]
[EventDate "2011.11.18"]
[EventType "swiss"]
[EventRounds "5"]
[EventCountry "POL"]
[SourceTitle "EXT 2023"]
[Source "ChessBase"]
[SourceDate "2022.10.05"]
[SourceVersion "1"]
[SourceVersionDate "2022.10.05"]
[SourceQuality "1"]

1. e4 e5 2. Nf3 Nc6 3. Bc4 d6 4. h3 Be7 5. Nc3 Nd4 6. d3 Be6 7. Bb3 Nxb3 8. axb3 Nf6 9. Be3 b6 10. Qd2 a5 11. 0-0 d5 12. exd5 Nxd5 13. Nxe5 Nxe3 14. fxe3 0-0 15. Nc6 Qd6 16. Nxe7+ Qxe7 17. Qf2 f5 18. Qg3 Rf7 19. e4 Raf8 20. exf5 Rxf5 21. Rxf5 Rxf5 22. Re1 Qc5+ 23. Kh1 Rg5 24. Qf3 Re5 25. Rf1 Rf5 26. Qa8+ Kf7 27. Rxf5+ Qxf5 28. Qc6 Qf1+ 29. Kh2 Qf4+ 30. Kg1 Qc1+ 31. Kh2 Qf4+ 32. Kg1 h5 33. Nb5 Qc1+ 34. Kh2 Qf4+ 35. Kg1 Qe3+ 36. Kh2 Qf4+ 1/2-1/2